MARC details
| 000 -CABECERA |
| campo de control de longitud fija |
02343cab a2200301 ab4500 |
| 005 - FECHA Y HORA DE LA ÚLTIMA TRANSACCIÓN |
| campo de control |
20240910064016.0 |
| 008 - ELEMENTOS DE LONGITUD FIJA--INFORMACIÓN GENERAL |
| campo de control de longitud fija |
991125c2014 mx fr p o 000 0 spa d |
| 035 ## - NÚMERO DE CONTROL DEL SISTEMA |
| Número de control de sistema |
UPN01000202772 |
| 040 ## - FUENTE DE LA CATALOGACIÓN |
| Centro catalogador/agencia de origen |
MX-MxUPN |
| Lengua de catalogación |
spa |
| Centro/agencia transcriptor |
MX-MxUPN |
| Normas de descripción |
aacr2 |
| 049 ## - COLECCIÓN |
| Colección |
ART-E |
| 100 1# - ASIENTO PRINCIPAL--NOMBRE PERSONAL |
| Nombre de persona |
Chávez Romo, María Concepción |
| 245 13 - MENCIÓN DE TÍTULO |
| Título |
La estigmatización de la adolescencia como grupo poblacional en riesgo y sus repercusiones en la construcción de ciudadanía |
| Medio |
[recurso electrónico en línea] |
| 506 0# - NOTA DE RESTRICCIONES AL ACCESO |
| Limitaciones de acceso |
Acceso abierto |
| 520 3# - NOTA DE RESUMEN, ETC. |
| Sumario, etc. |
Las reflexiones que aquí se exponen tienen la finalidad de evidenciar que la concepción de la adolescencia como una etapa problemática y potencialmente en riesgo, lejos de desaparecer, a pesar de las críticas que ha recibido desde hace tres décadas en América Latina, está presente en algunos programas de la educación básica en México. En el ámbito de la formación ciudadana es posible ubicar su origen hace más de doce años. En la actualidad, el caso más representativo lo constituye el Programa de Escuela Segura, que se introdujo en el sexenio 2006-2012. La perspectiva estereotipada del ser adolescente, aunada a otros factores, como el auge de la formación en valores con un enfoque tendente a la prescripción, ha venido a configurar acciones educativas que impiden la valoración de las capacidades adolescentes para desarrollar su autonomía moral y responsabilizarse de sus decisiones; esto es, su pleno reconocimiento como sujetos de derechos y responsabilidades. Asimismo, dificulta la construcción de una oferta formativa fundamentada en sus referentes culturales, intereses y necesidades, lo cual, muchas veces, conduce a acciones discriminatorias institucionalizadas, y sobre ellas es necesario llamar la atención. |
| 650 #4 - ASIENTO SECUNDARIO DE MATERIA - TERMINO TEMATICO |
| Término de materia o nombre geográfico como elemento de entrada |
Adolescencia |
| 9 (RLIN) |
1008 |
| 650 #4 - ASIENTO SECUNDARIO DE MATERIA - TERMINO TEMATICO |
| Término de materia o nombre geográfico como elemento de entrada |
Estereotipos (Psicología social) |
| 9 (RLIN) |
12812 |
| 650 #4 - ASIENTO SECUNDARIO DE MATERIA - TERMINO TEMATICO |
| Término de materia o nombre geográfico como elemento de entrada |
Convivencia escolar |
| 9 (RLIN) |
22407 |
| 653 0# - TERMINO DE INDIZACION - NO CONTROLADO |
| Término no controlado |
ADOLESCENCIA |
| 653 0# - TERMINO DE INDIZACION - NO CONTROLADO |
| Término no controlado |
ESTIGMATIZACION |
| 653 0# - TERMINO DE INDIZACION - NO CONTROLADO |
| Término no controlado |
ESTEREOTIPOS |
| 653 0# - TERMINO DE INDIZACION - NO CONTROLADO |
| Término no controlado |
VALORES EN LA EDUCACION |
| 653 0# - TERMINO DE INDIZACION - NO CONTROLADO |
| Término no controlado |
INTERVENCION EDUCATIVA |
| 773 ## - ENLACE AL DOCUMENTO FUENTE/ENTRADA DE REGISTRO ANFITRIÓN |
| Parte(s) relacionada(s) |
No. 42 (2014), p. 1-18 |
| Título |
Sinéctica : revista electrónica de educación |
| Número Internacional Normalizado para Publicaciones Seriadas |
2007-7033 |
| 856 4# - LOCALIZACIÓN Y ACCESO ELECTRÓNICOS |
| Identificador Uniforme del Recurso |
<a href="https://sinectica.iteso.mx/index.php/SINECTICA/article/view/64">https://sinectica.iteso.mx/index.php/SINECTICA/article/view/64</a> |
| 902 ## - ELEMENTOS DE DATOS B LOCAL, LDB (RLIN) |
| Creó |
Leonor Sotres |
| Modificó |
Leonor Sotres/100922/M |
| 905 ## - TIPO DE MATERIAL |
| Tipo de material |
Articulo |
| 942 ## - ELEMENTOS DE PUNTO DE ACCESO ADICIONAL (KOHA) |
| Tipo de ítem Koha |
Artículo Electrónico |